<?xml version="1.0" encoding="UTF-8"?>
<record
    xmlns:xsi="http://www.w3.org/2001/XMLSchema-instance"
    xsi:schemaLocation="http://www.loc.gov/MARC21/slim http://www.loc.gov/standards/marcxml/schema/MARC21slim.xsd"
    xmlns="http://www.loc.gov/MARC21/slim">

  <leader>02223nam a2200217Ia 4500</leader>
  <controlfield tag="008">220531s9999    xx            000 0 und d</controlfield>
  <datafield tag="020" ind1=" " ind2=" ">
    <subfield code="a">9780810000000</subfield>
  </datafield>
  <datafield tag="041" ind1=" " ind2=" ">
    <subfield code="a">eng</subfield>
  </datafield>
  <datafield tag="082" ind1=" " ind2=" ">
    <subfield code="a">616.904 1</subfield>
    <subfield code="b">MIM / GOE</subfield>
  </datafield>
  <datafield tag="100" ind1=" " ind2=" ">
    <subfield code="a">Goering, R. V. And Others</subfield>
    <subfield code="9">80127</subfield>
  </datafield>
  <datafield tag="245" ind1=" " ind2=" ">
    <subfield code="a">Mims' Medical Microbiology</subfield>
  </datafield>
  <datafield tag="250" ind1=" " ind2=" ">
    <subfield code="a">5th</subfield>
  </datafield>
  <datafield tag="260" ind1=" " ind2=" ">
    <subfield code="a">UK</subfield>
    <subfield code="b">Elsevier</subfield>
    <subfield code="c">2013</subfield>
  </datafield>
  <datafield tag="300" ind1=" " ind2=" ">
    <subfield code="a">565</subfield>
  </datafield>
  <datafield tag="520" ind1=" " ind2=" ">
    <subfield code="a">Mims Medical Microbiology, Ed. 5 is a popular medical textbook and derives a mass appeal among students due to the simplified presentation of concepts related to immunology. It explains the pathology of the agents causing illnesses and diseases that can affect individual organ systems. With grand diagrams and straightforward explanations, the book is a delight for modern students with limited attention spans.   This modular move towards microbiology incorporates case-based and integrated explanations that explain bug parade in a lucid clinical context, as this approach is more modularised and hence easier to comprehend.   The reader can understand and reproduce vital concepts easily due to the user-friendly format, concise text and vibrant illustrations. The authors approach microbiology through a highly cross-referenced Pathogen Review. It deepens the comprehension of epidemiology and its significance in providing knowledge about the important risk factors for diseases.   Overall, Mims Medical Microbiology, Ed. 5 enhances the learning and absorption of complex concepts related to microbiology in minimum time. The book was published by Eluk in 2012 and is available in paperback.    Key Features:      This is the fifth edition of the textbook and it covers infectious agents as well as the human immune system response to these infections.   It has been updated with new information which is crucial to understanding the changing nature of microorganisms and how this affects the human host.   The intent of the book is to create a comprehensive resource that includes the basic science principles of infectious agents as well as a systemic approach.</subfield>
  </datafield>
  <datafield tag="542" ind1=" " ind2=" ">
    <subfield code="d">05-07-2016</subfield>
  </datafield>
  <datafield tag="551" ind1=" " ind2=" ">
    <subfield code="a">Science</subfield>
    <subfield code="b">Non-grant-SCI</subfield>
  </datafield>
  <datafield tag="650" ind1=" " ind2=" ">
    <subfield code="a">Medical Microbiology</subfield>
    <subfield code="9">80128</subfield>
  </datafield>
  <datafield tag="906" ind1=" " ind2=" ">
    <subfield code="d">2016-2017</subfield>
    <subfield code="f">9201</subfield>
  </datafield>
  <datafield tag="999" ind1=" " ind2=" ">
    <subfield code="c">44307</subfield>
    <subfield code="d">44307</subfield>
  </datafield>
  <datafield tag="952" ind1=" " ind2=" ">
    <subfield code="0">0</subfield>
    <subfield code="1">0</subfield>
    <subfield code="2">ddc</subfield>
    <subfield code="4">0</subfield>
    <subfield code="7">0</subfield>
    <subfield code="8">Science</subfield>
    <subfield code="a">SSMM</subfield>
    <subfield code="b">SSMM</subfield>
    <subfield code="d">2016-07-20</subfield>
    <subfield code="e">Creative Book Service</subfield>
    <subfield code="g">1800.00</subfield>
    <subfield code="l">0</subfield>
    <subfield code="n">1</subfield>
    <subfield code="o">616.904 1/MIM/GOE/B/21078</subfield>
    <subfield code="p">SSMM-BK-21078</subfield>
    <subfield code="r">2022-08-06 00:00:00</subfield>
    <subfield code="v">1800.00</subfield>
    <subfield code="w">2022-08-06</subfield>
    <subfield code="y">BK</subfield>
    <subfield code="z">010021078</subfield>
  </datafield>
</record>
